[Event "Bogota El Tablazo op-A"]
[Site "Bogota"]
[Date "2022.06.25"]
[Round "6"]
[White "Paredes Lagos, Anthony Javier"]
[Black "Estrella Becerra, Fernando"]
[Result "1-0"]
[WhiteElo "2148"]
[BlackElo "1865"]
[PlyCount "93"]
[EventDate "2022.06.23"]
[EventType "swiss"]
[EventRounds "10"]
[EventCountry "COL"]
[SourceTitle "EXT 2023"]
[Source "ChessBase"]
[SourceDate "2022.10.05"]
[SourceVersion "1"]
[SourceVersionDate "2022.10.05"]
[SourceQuality "1"]

1. d4 d5 2. c4 c6 3. Nf3 Nf6 4. g3 e6 5. Bg2 Be7 6. 0-0 0-0 7. Nc3 a6 8. c5 b5 9. cxb6 Qxb6 10. Na4 Qb5 11. Bg5 Nbd7 12. Rc1 c5 13. Ne5 Bd6 14. Nxd7 Nxd7 15. e4 c4 16. exd5 exd5 17. Nc3 Qxb2 18. Nxd5 Rb8 19. Ne3 Nb6 20. Rb1 Qxa2 21. Qh5 Re8 22. Bc6 Rf8 23. Bh4 c3 24. Be4 g6 25. Qh6 Re8 26. Nd5 Nxd5 27. Rxb8 Bf8 28. Qg5 Nc7 29. Bc6 Bd7 30. Rxe8 Bxe8 31. Bxe8 Nxe8 32. Qe3 Nd6 33. Qxc3 Nb5 34. Qe3 Qd5 35. Bf6 h6 36. Rc1 Nd6 37. Rc5 Qa8 38. Qc1 Qf3 39. Bd8 Ne4 40. Rc2 Qd3 41. Rb2 Qxd4 42. Bb6 Qd5 43. Be3 g5 44. Rb8 Qd6 45. Rc8 Kh7 46. Qc2 Qe6 47. Rxf8 1-0

[Event "COL Subzt 2.3.4"]
[Site "Risarald"]
[Date "2021.11.25"]
[Round "5"]
[White "Estrella Becerra, Fernando"]
[Black "Garzon Camelo, Andres Santiago"]
[Result "0-1"]
[WhiteElo "1916"]
[BlackElo "1685"]
[PlyCount "70"]
[EventDate "2021.11.23"]
[EventType "swiss"]
[EventRounds "9"]
[EventCountry "COL"]
[SourceTitle "CBM 205 Extra"]
[Source "ChessBase"]
[SourceDate "2022.01.31"]
[SourceVersion "1"]
[SourceVersionDate "2022.01.31"]
[SourceQuality "1"]

1. c4 e5 2. Nc3 Nf6 3. g3 c6 4. d4 exd4 5. Qxd4 Be7 6. Bg2 0-0 7. Nf3 d5 8. cxd5 cxd5 9. e3 Nc6 10. Qa4 Re8 11. 0-0 Qc7 12. Nb5 Qb8 13. Nbd4 Bd7 14. Qd1 Qc7 15. b3 Bc5 16. Bb2 Rac8 17. Rc1 Qa5 18. a3 Nxd4 19. Nxd4 Bd6 20. b4 Qb6 21. Re1 Bf8 22. Qb3 Be6 23. Qa2 a5 24. b5 Rcd8 25. Rc2 Nd7 26. Rec1 Nc5 27. Nxe6 Nxe6 28. a4 d4 29. exd4 Nxd4 30. Bxd4 Rxd4 31. Bd5 Re7 32. Kg2 Rd7 33. Bf3 Qh6 34. Rc4 Rd2 35. R1c2 Qe3 0-1

[Event "COL-ch sf"]
[Site "Bogota"]
[Date "2020.11.13"]
[Round "2"]
[White "Estrella Becerra, Fernando"]
[Black "Vargas, Mauricio"]
[Result "0-1"]
[WhiteElo "1952"]
[BlackElo "2160"]
[PlyCount "46"]
[EventDate "2020.11.12"]
[EventType "swiss"]
[EventRounds "8"]
[EventCountry "COL"]
[SourceTitle "CBM 199 Extra"]
[Source "ChessBase"]
[SourceDate "2021.01.31"]
[SourceVersion "1"]
[SourceVersionDate "2021.01.31"]
[SourceQuality "1"]

1. c4 e5 2. g3 Nf6 3. Bg2 d5 4. cxd5 Nxd5 5. Nc3 Nb6 6. Nf3 Nc6 7. 0-0 Be7 8. d3 Be6 9. Be3 0-0 10. Rc1 f5 11. Bh3 g5 12. Nd2 Nd5 13. Nxd5 Bxd5 14. f4 gxf4 15. gxf4 Rf7 16. Nf3 Bd6 17. Bg2 Rg7 18. Kh1 exf4 19. Bf2 Ne5 20. Nh4 Bxg2+ 21. Nxg2 Qg5 22. Rg1 Ng4 23. Bh4 Qxh4 0-1

[Event "Uniagraria AlphaZero op 2nd"]
[Site "Uniagraria"]
[Date "2019.11.09"]
[Round "2"]
[White "Estrella Becerra, Fernando"]
[Black "Garcia Pantoja, Roberto"]
[Result "0-1"]
[WhiteElo "1946"]
[BlackElo "2526"]
[PlyCount "41"]
[EventDate "2019.11.08"]
[EventType "swiss"]
[EventRounds "7"]
[EventCountry "COL"]
[SourceTitle "CBM 193 Extra"]
[Source "ChessBase"]
[SourceDate "2020.01.31"]
[SourceVersion "1"]
[SourceVersionDate "2020.01.31"]
[SourceQuality "1"]

1. c4 e5 2. g3 Nc6 3. Bg2 Bc5 4. e3 a6 5. Ne2 Ba7 6. Nbc3 d6 7. a3 h5 8. h3 h4 9. g4 f5 10. Qc2 Nf6 11. gxf5 Ne7 12. Nd5 Nfxd5 13. Bxd5 Nxd5 14. cxd5 Rf8 15. Qa4+ Bd7 16. Qg4 Qf6 17. Qh5+ Ke7 18. e4 g6 19. Qh7+ Rf7 20. Qxg6 Bxf2+ 21. Kd1 0-1

[Event "Uniagraria AlphaZero op 2nd"]
[Site "Uniagraria"]
[Date "2019.11.08"]
[Round "1"]
[White "Alvarez Cerbero, Julio Enrique"]
[Black "Estrella Becerra, Fernando"]
[Result "0-1"]
[WhiteElo "1499"]
[BlackElo "1946"]
[PlyCount "48"]
[EventDate "2019.11.08"]
[EventType "swiss"]
[EventRounds "7"]
[EventCountry "COL"]
[SourceTitle "CBM 193 Extra"]
[Source "ChessBase"]
[SourceDate "2020.01.31"]
[SourceVersion "1"]
[SourceVersionDate "2020.01.31"]
[SourceQuality "1"]

1. c4 g6 2. g3 Bg7 3. Bg2 c5 4. Nc3 Nf6 5. Nf3 Nc6 6. Rb1 0-0 7. a3 d5 8. cxd5 Nxd5 9. 0-0 Rb8 10. Ne1 Nxc3 11. bxc3 Bf5 12. e4 Be6 13. Qc2 c4 14. d4 cxd3 15. Nxd3 Qa5 16. Nb4 Qc5 17. Nd5 Rfc8 18. Be3 Qxa3 19. Rb3 Qd6 20. Rd1 Bxd5 21. Rxd5 Nb4 22. Bxa7 Nxc2 23. Rxd6 exd6 24. Bxb8 Rxb8 0-1

[Event "Bogota Grand Prix Parada Bima 3rd"]
[Site "Bogota"]
[Date "2019.11.02"]
[Round "3.7"]
[White "Estrella Becerra, Fernando"]
[Black "Guevara, Cristian Camilo"]
[Result "1-0"]
[WhiteElo "1939"]
[BlackElo "1666"]
[PlyCount "108"]
[EventDate "2019.11.02"]
[EventType "swiss"]
[EventRounds "6"]
[EventCountry "COL"]
[SourceTitle "EXT 2024"]
[Source "ChessBase"]
[SourceDate "2023.10.10"]
[SourceVersion "1"]
[SourceVersionDate "2023.10.10"]
[SourceQuality "1"]

1. c4 c5 2. Nc3 g6 3. g3 Bg7 4. Bg2 Nf6 5. e4 d6 6. Nge2 Nc6 7. 0-0 0-0 8. Rb1 Bd7 9. a3 Rc8 10. d3 a6 11. b4 e6 12. h3 Qc7 13. Be3 Ne7 14. Qb3 b6 15. bxc5 bxc5 16. Qb6 Bc6 17. Qxc7 Rxc7 18. Rb6 Ra8 19. Rfb1 Nd7 20. R6b3 Raa7 21. f4 Rab7 22. Kf2 a5 23. a4 Rb4 24. Nb5 Bxb5 25. axb5 Rxb3 26. Rxb3 a4 27. Ra3 Nb6 28. Bd2 Nec8 29. Bc3 f5 30. Bxg7 Kxg7 31. exf5 gxf5 32. Nc3 Ra7 33. Bf3 Kg6 34. Bd1 d5 35. Be2 Nd6 36. Bf1 dxc4 37. dxc4 Kf6 38. Bd3 e5 39. fxe5+ Kxe5 40. Nd5 Nbxc4 41. Bxc4 Nxc4 42. b6 Rb7 43. Rd3 a3 44. Nc3 Rxb6 45. Rd5+ Ke6 46. Rxc5 Rb2+ 47. Kf3 Nd2+ 48. Kf4 a2 49. Ra5 Nc4 50. Ra6+ Kd7 51. Rxa2 Rb4 52. Nd5 Rb3 53. Nf6+ Ke7 54. Nxh7 Kf7 1-0

[Event "Bogota Mentes op"]
[Site "Bogota"]
[Date "2019.09.16"]
[Round "1"]
[White "Estrella Becerra, Fernando"]
[Black "Gonzalez Mojica, Renan Arturo"]
[Result "1-0"]
[WhiteElo "1928"]
[BlackElo "1298"]
[PlyCount "67"]
[EventDate "2019.09.16"]
[EventType "swiss"]
[EventRounds "5"]
[EventCountry "COL"]
[SourceTitle "CBM 192 Extra"]
[Source "Chessbase"]
[SourceDate "2019.11.06"]
[SourceVersion "1"]
[SourceVersionDate "2019.11.06"]
[SourceQuality "1"]

1. c4 c5 2. Nc3 g6 3. g3 Bg7 4. Bg2 Nf6 5. Nf3 0-0 6. 0-0 Nc6 7. d4 cxd4 8. Nxd4 e6 9. Ndb5 d6 10. Qxd6 Qxd6 11. Nxd6 a6 12. Be3 Ng4 13. Bb6 Be5 14. Rfd1 Bxd6 15. Rxd6 Nge5 16. b3 Nd7 17. Be3 Ne7 18. Bxb7 Nf5 19. Bxa8 Nxd6 20. Rd1 Nf5 21. Ba7 h5 22. Ne4 Ne5 23. f4 Ng4 24. h3 Ngh6 25. Bc5 Bb7 26. Bxf8 Bxa8 27. Bxh6 Bxe4 28. Bg5 Nxg3 29. Kf2 Nf5 30. Bf6 Ng7 31. Rd8+ Kh7 32. Rf8 g5 33. fxg5 Kg6 34. Rg8 1-0

[Event "COL-ch Amateur U2300"]
[Site "Bogota"]
[Date "2017.03.04"]
[Round "4"]
[White "Estrella Becerra, Fernando"]
[Black "Chaverra, Nilo"]
[Result "1/2-1/2"]
[WhiteElo "1914"]
[BlackElo "2092"]
[PlyCount "93"]
[EventDate "2017.03.02"]
[EventType "swiss"]
[EventRounds "7"]
[EventCountry "COL"]
[SourceTitle "CBM 177 Extra"]
[Source "ChessBase"]
[SourceDate "2017.04.27"]
[SourceVersion "1"]
[SourceVersionDate "2017.04.27"]
[SourceQuality "1"]

1. c4 b6 2. Nc3 Bb7 3. d4 e6 4. Nf3 Nf6 5. g3 Bb4 6. Bd2 Nc6 7. a3 Bxc3 8. Bxc3 Ne4 9. Qd3 Ne7 10. Bg2 Nxc3 11. Qxc3 0-0 12. 0-0 f5 13. e3 Ng6 14. Rfd1 Qe7 15. b4 a5 16. b5 Be4 17. Rac1 Rab8 18. Ne1 Bxg2 19. Nxg2 d6 20. Nf4 Qf7 21. a4 Ne7 22. h4 h6 23. d5 e5 24. Ne6 Rfc8 25. f4 Ng6 26. Rf1 exf4 27. exf4 Nf8 28. Rce1 Re8 29. Nxf8 Kxf8 30. Rxe8+ Rxe8 31. Re1 Rxe1+ 32. Qxe1 Qf6 33. Kh2 g6 34. Kh3 h5 35. Qe2 Qa1 36. Kg2 Qxa4 37. Qe6 Qc2+ 38. Kg1 Qb1+ 39. Kh2 Qb2+ 40. Kh3 Kg7 41. Qe7+ Kh6 42. Qxc7 Qb1 43. Kg2 Qe4+ 44. Kf2 Qd4+ 45. Kg2 Qd2+ 46. Kf3 Qd3+ 47. Kf2 1/2-1/2

[Event "COL-ch Amateur U2300"]
[Site "Bogota"]
[Date "2017.03.04"]
[Round "5"]
[White "Vargas, Edwin Antonio"]
[Black "Estrella Becerra, Fernando"]
[Result "1/2-1/2"]
[WhiteElo "2045"]
[BlackElo "1914"]
[PlyCount "128"]
[EventDate "2017.03.02"]
[EventType "swiss"]
[EventRounds "7"]
[EventCountry "COL"]
[SourceTitle "CBM 177 Extra"]
[Source "ChessBase"]
[SourceDate "2017.04.27"]
[SourceVersion "1"]
[SourceVersionDate "2017.04.27"]
[SourceQuality "1"]

1. d4 Nf6 2. Nf3 d5 3. Bf4 Bf5 4. e3 e6 5. Be2 Bd6 6. Bg5 h6 7. Bh4 Nbd7 8. 0-0 0-0 9. c4 dxc4 10. Bxc4 c5 11. Nbd2 cxd4 12. Nxd4 Bg6 13. h3 Qb6 14. Bb3 Qa6 15. Bc4 Qb6 16. Nxe6 fxe6 17. Bxe6+ Kh7 18. Bxd7 Nxd7 19. Nc4 Qb4 20. Nxd6 Qxh4 21. Nxb7 Ne5 22. Nc5 Rad8 23. Qa4 Qxa4 24. Nxa4 Rd2 25. Rad1 Rfxf2 26. Rxd2 Rxd2 27. Rf2 Rd1+ 28. Rf1 Rd3 29. Re1 Be4 30. Nc5 Rd2 31. Nxe4 Rxb2 32. Ra1 Nc4 33. a4 Nxe3 34. Nf2 a5 35. g4 Nc2 36. Rc1 Nb4 37. Ne4 Ra2 38. Nc5 Nd5 39. Rc4 g5 40. Nb7 Nb6 41. Rc7+ Kg8 42. Nxa5 Rxa4 43. Rb7 Nd5 44. Nc6 Ra1+ 45. Kf2 Ra3 46. Ne7+ Nxe7 47. Rxe7 Rxh3 48. Ra7 Rd3 49. Kg2 Rd6 50. Kg3 Rf6 51. Kg2 Rf7 52. Ra6 Kg7 53. Rb6 Re7 54. Kf3 Rf7+ 55. Kg3 Rf6 56. Rb7+ Kg6 57. Rb3 Rd6 58. Rf3 Re6 59. Ra3 Kf6 60. Kf3 Ke5 61. Re3+ Kd5 62. Rd3+ Ke5 63. Re3+ Kd5 64. Rd3+ Ke5 1/2-1/2

[Event "Bogota Navidad op"]
[Site "Bogota"]
[Date "2016.12.07"]
[Round "1"]
[White "Estrella Becerra, Fernando"]
[Black "Bejarano, Alba Ligia"]
[Result "1-0"]
[WhiteElo "1885"]
[BlackElo "1600"]
[PlyCount "63"]
[EventDate "2016.12.07"]
[EventType "swiss"]
[EventRounds "9"]
[EventCountry "COL"]
[SourceTitle "CBM 176 Extra"]
[Source "ChessBase"]
[SourceDate "2017.03.02"]
[SourceVersion "1"]
[SourceVersionDate "2017.03.02"]
[SourceQuality "1"]

1. c4 c5 2. Nc3 Nc6 3. Nf3 Nf6 4. g3 d6 5. Bg2 e5 6. 0-0 Be7 7. a3 Bd7 8. d3 0-0 9. Rb1 a6 10. b4 cxb4 11. axb4 Qc8 12. Na4 Bd8 13. Ba3 b5 14. Nc3 Rb8 15. cxb5 axb5 16. Rc1 Bh3 17. Ne4 Nxe4 18. dxe4 Bxg2 19. Kxg2 Qd7 20. Qd5 Rb6 21. Rfd1 Ne7 22. Qxe5 Ng6 23. Qf5 Qxf5 24. exf5 Ne5 25. Nxe5 dxe5 26. Rd5 f6 27. Rc8 Be7 28. Rc7 Re8 29. Rdd7 Bf8 30. Bc1 Rd6 31. Rf7 Rc6 32. Rxf8+ 1-0